000 00826cam a22002412 4500
001 0000019581
005 20151217152157.0
008 110111s xx 000 0 eng d
020 _a0321689870 :
040 _aKABU
_cKABU
100 1 _aKnight, Randall D.
_@0000179469
245 1 0 _aCollege physics :
_ba strategic approach /
_cRandall D. Knight, Brian Jones, Stuart Field.
250 _a2nd ed.
260 _aBoston :
_bAddison Wesley,
_c2010.
300 _axxiv, 1027 p. +
_e2 v. Student workbook.
650 0 _aPhysics.
_@0000153778
700 1 _aJones, Brian.
_@0000042171
700 1 _aField, Stuart.
_@0000179470
852 1 _9p5435 KES
852 1 _9p5435 KES
908 _a110111
950 _@1
999 _c9006
_d9006